Every US Survivor "Fallen Angel" - Statistics

General Stats
  • This quiz has been taken 14 times
  • The average score is 38 of 47
Answer Stats
Hint Answer % Correct
Season 19 Brett Clouser
100%
Season 16 Cirie Fields
100%
Season 20 Jerri Manthey
100%
Season 25 Malcolm Freberg
100%
Season 17 Matty Whitmore
100%
Season 23 Ozzy Lusth
100%
Season 27 Tina Wesson
100%
Season 22 Ashley Underwood
90%
Season 15 Denise Martin
90%
Season 26 Eddie Fox
90%
Season 18 Erinn Lobdell
90%
Season 10 Ian Rosenberger
90%
Season 8 Jenna Lewis
90%
Season 7 Jon Dalton ("Jonny Fairplay")
90%
Season 28 Kass McQuillen
90%
Season 4 Kathy Vavrick-O'Brien
90%
Season 2 Keith Famie
90%
Season 29 Keith Nale
90%
Season 31 Kelley Wentworth
90%
Season 11 Rafe Judkins
90%
Season 6 Rob Cesternino
90%
Season 1 Rudy Boesch
90%
Season 40 Sarah Lacina
90%
Season 9 Scout Cloud Lee
90%
Season 14 Yau-Man Chan
90%
Season 32 Cydney Gillon
80%
Season 33 David Wright
80%
Season 21 Holly Hoffman
80%
Season 5 Jan Gentry
80%
Season 3 Lex van den Berghe
80%
Season 13 Sundra Oakley
80%
Season 34 Tai Trang
80%
Season 12 Terry Deitz
80%
Season 24 Christina Cha
70%
Season 35 Devon Pinto
70%
Season 43 Jesse Lopez
70%
Season 30 Rodney Lavoie Jr.
70%
Season 36 Angela Perkins
60%
Season 42 Jonathan Young
60%
Season 37 Kara Kay
60%
Season 39 Lauren Beck
60%
Season 38 Rick Devens
60%
Season 47 Teeny Chirichillo
60%
Season 44 Carson Garrett
50%
Season 41 Heather Aldret
50%
Season 45 Katurah Topps
50%
Season 46 Liz WIlcox
40%
No matching quizzes found
Score Distribution
Percent of People with Each Score
Percentile by Number Answered
Your Score History
You have not taken this quiz